[Event "20th Dubai Open 2018"]
[Site "Dubai UAE"]
[Date "2018.04.07"]
[Round "6.33"]
[White "Mohannad, Farhan"]
[Black "Sindarov, Javokhir"]
[Result "0-1"]
[WhiteTitle "FM"]
[BlackTitle "IM"]
[WhiteElo "2219"]
[BlackElo "2431"]
[WhiteFideId "8100918"]
[BlackFideId "14205483"]
[EventDate "2018.04.02"]

1. d4 d5 2. Nf3 c6 3. Bf4 Nf6 4. e3 Qb6 5. Qc1 Bf5 6. Be2 Nbd7 7. O-O h6 8. Nbd2
e6 9. c4 Be7 10. c5 Qd8 11. b4 g5 12. Bg3 Nh5 13. Bd6 Bxd6 14. cxd6 Nhf6 15. Ne5
Qb8 16. b5 Qxd6 17. bxc6 bxc6 18. Qxc6 Qxc6 19. Nxc6 Kf8 20. Ba6 Kg7 21. Bb7
Rae8 22. Nb3 Nb8 23. Nca5 Ne4 24. f3 Nd6 25. Nc5 Re7 26. Rfe1 Bg6 27. Rac1 Kh7
28. Rc3 Rc7 29. Rec1 Re8 30. Ba6 e5 31. Bf1 Nf5 32. Ne4 Rxc3 33. Nf6+ Kh8 34.
Rxc3 exd4 35. exd4 Rd8 36. Nb7 Rf8 37. Nxd5 Nxd4 38. Ne7 Bb1 39. a4 Re8 40. Rc8
Rxc8 41. Nxc8 Nbc6 42. Nbd6 Kg7 43. Nb5 a5 44. Kf2 Ne6 45. Nb6 Nc5 46. Nc3 Bc2
47. Ke3 f5 48. g3 Kf6 49. Bb5 Ne5 50. h3 Bb3 51. f4 Nf7 52. Bc6 Nd6 53. Nd7+
Nxd7 54. Bxd7 Ke7 55. Bc6 g4 56. h4 Nc4+ 57. Ke2 Nb6 58. Kd3 Kd6 59. Be8 Kc5 60.
Bg6 Bc4+ 61. Kc2 Be6 62. Kd3 Nc4 63. Ne2 Bc8 64. Nd4 Nb2+ 65. Ke3 Nc4+ 66. Kd3
Nd6 67. Ne2 Ba6+ 68. Ke3 Bxe2 69. Kxe2 Ne4 70. Ke3 Nxg3 71. Be8 Kd6 72. Bb5 Ne4
73. Be8 Nf6 74. Bg6 Nd5+ 75. Kf2 Ke6 76. Kg3 Nc3 77. Be8 Ne2+ 78. Kf2 Nxf4 79.
Kg3 Ke5 80. Bd7 Nh5+ 81. Kf2 Nf6 82. Bc6 f4 83. Bb7 Ne4+ 84. Kg2 f3+ 0-1

[Event "20th Dubai Open 2018"]
[Site "Dubai UAE"]
[Date "2018.04.07"]
[Round "6.34"]
[White "Dimakiling, Oliver"]
[Black "Balasubramaniam, H"]
[Result "1/2-1/2"]
[WhiteTitle "IM"]
[WhiteElo "2412"]
[BlackElo "2060"]
[WhiteFideId "5202248"]
[BlackFideId "35053248"]
[EventDate "2018.04.02"]

1. Nf3 g6 2. d4 Nf6 3. Bf4 Bg7 4. c3 O-O 5. Nbd2 d6 6. h3 Nc6 7. Qc2 Qe8 8. e4
e5 9. dxe5 Nxe5 10. Nxe5 dxe5 11. Be3 Qe7 12. Be2 b6 13. a4 Bb7 14. a5 Ne8 15.
O-O Kh8 16. f4 exf4 17. Bxf4 Be5 18. Kh1 Bxf4 19. Rxf4 Nd6 20. Bd3 Rad8 21. Nf3
f5 22. e5 Nf7 23. Re1 Bxf3 24. Rxf3 Ng5 25. Rf2 bxa5 26. Qe2 Ne6 27. Bc2 Qc5 28.
Rff1 Rb8 29. Ba4 Rfd8 30. Rd1 Ng5 31. Rxd8+ Rxd8 32. Rd1 Rxd1+ 33. Qxd1 Ne4 34.
Qd8+ Kg7 35. Qd7+ Kh8 36. e6 Ng3+ 37. Kh2 Nf1+ 38. Kh1 Ng3+ 1/2-1/2

[Event "20th Dubai Open 2018"]
[Site "Dubai UAE"]
[Date "2018.04.07"]
[Round "6.37"]
[White "Othman, A. Moussa"]
[Black "Kiriakov, Petr"]
[Result "0-1"]
[WhiteTitle "FM"]
[BlackTitle "GM"]
[WhiteElo "2251"]
[BlackElo "2520"]
[WhiteFideId "9300155"]
[BlackFideId "4119231"]
[EventDate "2018.04.02"]

1. d4 Nf6 2. c4 e5 3. dxe5 Ng4 4. Bf4 g5 5. Bd2 Nxe5 6. Nf3 Bg7 7. Nxe5 Bxe5 8.
Qc1 Rg8 9. e3 Nc6 10. Nc3 d6 11. Qc2 h5 12. Nd5 Be6 13. Bc3 Bxc3+ 14. Qxc3 Ne5
15. Rd1 c6 16. Nb4 Qe7 17. Nc2 c5 18. Be2 g4 19. e4 O-O-O 20. Rd2 f5 21. exf5
Bxf5 22. Ne3 Be4 23. Nd5 Qf7 24. b4 Bxg2 25. Rg1 Nf3+ 26. Bxf3 Bxf3 27. bxc5
dxc5 28. Ne3 Qc7 0-1

[Event "20th Dubai Open 2018"]
[Site "Dubai UAE"]
[Date "2018.04.07"]
[Round "6.38"]
[White "Raghunandan, Kaumandur Srihari"]
[Black "Aradhya, Garg"]
[Result "1-0"]
[WhiteTitle "IM"]
[WhiteElo "2434"]
[BlackElo "2218"]
[WhiteFideId "25004964"]
[BlackFideId "25006746"]
[EventDate "2018.04.02"]

1. Nf3 Nf6 2. g3 d5 3. Bg2 Bf5 4. O-O e6 5. d3 c6 6. Nh4 Bg4 7. h3 Bh5 8. Qe1
Bc5 9. Kh1 O-O 10. f4 Be7 11. e4 dxe4 12. dxe4 e5 13. Nf5 exf4 14. gxf4 Ne8 15.
b3 Bc5 16. Bb2 f6 17. Nc3 Nd6 18. Na4 Nxf5 19. Nxc5 Re8 20. Qf2 b6 21. Nd3 Nd6
22. Rae1 f5 23. e5 Ne4 24. Bxe4 fxe4 25. Rxe4 Rf8 26. f5 Nd7 27. Qg2 Kh8 28. e6
Nf6 29. e7 Qd5 30. exf8=Q+ Rxf8 31. Bxf6 gxf6 32. Re7 Rg8 33. Qxd5 cxd5 34. Nf4
Be8 35. Rg1 Bb5 36. Rxg8+ Kxg8 37. Nxd5 Bc6 38. c4 1-0

[Event "20th Dubai Open 2018"]
[Site "Dubai UAE"]
[Date "2018.04.08"]
[Round "7.2"]
[White "Iturrizaga Bonelli, Eduardo"]
[Black "Flores, Diego"]
[Result "1/2-1/2"]
[WhiteTitle "GM"]
[BlackTitle "GM"]
[WhiteElo "2624"]
[BlackElo "2601"]
[WhiteFideId "3901211"]
[BlackFideId "108049"]
[EventDate "2018.04.02"]

1. d4 d5 2. c4 e6 3. Nc3 c6 4. e4 dxe4 5. Nxe4 Bb4+ 6. Nc3 e5 7. a3 Bxc3+ 8.
bxc3 Qa5 9. Bd2 Nf6 10. Nf3 Nbd7 11. Be2 e4 12. Ng5 e3 13. Bxe3 Qxc3+ 14. Kf1
O-O 15. Qe1 Qc2 16. Qb1 Qc3 17. Qe1 Qc2 18. Rc1 Qg6 19. Qd1 Nb6 20. h3 Re8 21.
Qb3 Ne4 22. Nxe4 Qxe4 23. Kg1 Qe7 24. Qb4 Qc7 25. Bd3 Nd7 26. Qd2 Nf8 27. d5
cxd5 28. cxd5 Qd6 29. Bc5 Qe5 30. f4 Qf6 31. Kh2 Ng6 32. Rhe1 Bf5 33. Rxe8+ Rxe8
34. Bxf5 Qxf5 35. Bxa7 Nxf4 36. Rf1 g5 37. Be3 Re5 38. Bxf4 gxf4 39. Rxf4 Rxd5
40. Qf2 Qe5 41. Qg3+ Kf8 42. a4 Qd6 43. a5 Rd3 44. Rf3 1/2-1/2

[Event "20th Dubai Open 2018"]
[Site "Dubai UAE"]
[Date "2018.04.08"]
[Round "7.3"]
[White "Zubov, Alexander"]
[Black "Maghsoodloo, Parham"]
[Result "1/2-1/2"]
[WhiteTitle "GM"]
[BlackTitle "GM"]
[WhiteElo "2606"]
[BlackElo "2615"]
[WhiteFideId "14109409"]
[BlackFideId "12539929"]
[EventDate "2018.04.02"]

1. d4 d5 2. c4 c6 3. Nf3 Nf6 4. e3 Bf5 5. Nc3 a6 6. c5 Nbd7 7. b4 Bg4 8. Be2 g6
9. Bb2 Bg7 10. O-O O-O 11. Na4 Qc7 12. Ne5 Bxe2 13. Qxe2 Rae8 14. Nd3 a5 15. a3
Ra8 16. f3 axb4 17. axb4 b5 18. Nc3 Rxa1 19. Rxa1 Ne8 20. Qd2 e5 21. Ne2 exd4
22. Bxd4 Bh6 23. f4 Ng7 24. Nf2 Nf5 25. Ng4 Bg7 26. Bxg7 Kxg7 27. Nd4 Nxd4 28.
Qxd4+ f6 29. g3 Re8 30. Nf2 Nf8 31. Ra6 Qd7 32. e4 Ne6 33. Qd2 Nc7 34. Ra7 Re7
35. e5 fxe5 36. fxe5 Qf5 37. Qf4 Qxf4 38. gxf4 Rf7 39. Nd3 Ne6 40. Rxf7+ Kxf7
41. Kf2 Nd4 42. Kg3 Nf5+ 43. Kg4 h6 44. Kf3 Ke6 45. Ne1 Nd4+ 1/2-1/2

[Event "20th Dubai Open 2018"]
[Site "Dubai UAE"]
[Date "2018.04.08"]
[Round "7.4"]
[White "Narayanan, S.L."]
[Black "Adly, Ahmed"]
[Result "0-1"]
[WhiteTitle "GM"]
[BlackTitle "GM"]
[WhiteElo "2568"]
[BlackElo "2626"]
[WhiteFideId "5058422"]
[BlackFideId "10601619"]
[EventDate "2018.04.02"]

1. d4 Nf6 2. c4 g6 3. Nc3 d5 4. Nf3 Bg7 5. cxd5 Nxd5 6. e4 Nb6 7. Be2 O-O 8. O-O
Nc6 9. d5 Ne5 10. Bg5 Nxf3+ 11. Bxf3 Bd7 12. Re1 h6 13. Bh4 Nc4 14. Be2 Nd6 15.
Bd3 g5 16. Bg3 e5 17. dxe6 fxe6 18. h3 Bc6 19. Qe2 Qe7 20. Rad1 Rad8 21. Nb5
Nxb5 22. Bxb5 Bxb5 23. Qxb5 c6 24. Qe2 Bd4 25. Kh1 e5 26. f3 Qe6 27. b3 Rd7 28.
Bf2 c5 29. Rc1 b6 30. Rc2 Rfd8 31. Rec1 Kg7 32. Bxd4 Rxd4 33. Kh2 Qf7 34. Rf1 h5
35. Qe3 Qf6 36. h4 gxh4 37. Kh3 Rd1 38. Rxd1 Rxd1 39. Rc1 Rxc1 40. Qxc1 Qf4 41.
Qxf4 exf4 42. Kxh4 Kg6 43. a4 a6 0-1

[Event "20th Dubai Open 2018"]
[Site "Dubai UAE"]
[Date "2018.04.08"]
[Round "7.5"]
[White "Gupta, Abhijeet"]
[Black "Jones, Gawain C B"]
[Result "1/2-1/2"]
[WhiteTitle "GM"]
[BlackTitle "GM"]
[WhiteElo "2617"]
[BlackElo "2675"]
[WhiteFideId "5010608"]
[BlackFideId "409561"]
[EventDate "2018.04.02"]

1. d4 Nf6 2. c4 g6 3. Nc3 Bg7 4. e4 d6 5. Nf3 O-O 6. h3 e5 7. d5 a5 8. g4 Na6 9.
Bg5 Qe8 10. Be3 Kh8 11. Be2 Bd7 12. a3 Nc5 13. Nd2 Ng8 14. h4 f5 15. g5 h5 16.
exf5 Bxf5 17. Bxc5 dxc5 18. Nde4 Ne7 19. Qd3 Rd8 20. Qc2 Bxe4 21. Nxe4 Nf5 22.
O-O-O Nd4 23. Qd3 Rf4 24. Rde1 b5 25. Bd1 c6 26. d6 Qf7 27. Rh3 bxc4 28. Qc3 Rb8
29. Rhe3 Nb5 30. Qd2 c3 31. Nxc3 Rd4 32. Qc2 Nxd6 33. Rf3 Rf4 34. Rxf4 exf4 35.
Qd3 Nc4 36. Bc2 Bd4 37. Qxg6 Qxg6 38. Bxg6 Nxb2 39. Nd1 Kg7 40. Bc2 Nxd1 41.
Kxd1 Bxf2 42. Re7+ Kg8 43. Bh7+ Kh8 44. Bf5 Bxh4 45. Rh7+ Kg8 46. g6 Re8 47. Bd3
Re1+ 48. Kc2 Re7 49. Rxh5 Bf6 50. Rxc5 Be5 51. Rxc6 f3 52. Bc4+ Kg7 53. Re6 Rc7
54. Rxe5 Rxc4+ 55. Kd2 Rf4 56. Ke1 f2+ 57. Kf1 a4 58. Re2 Rf3 59. Re6 Rxa3 60.
Kxf2 Rh3 61. Ra6 a3 62. Kg2 Rb3 63. Kh2 Rb2+ 64. Kg3 a2 65. Kg4 Kh6 66. Kf4 Rb4+
67. Kf3 Rb3+ 68. Kf4 Rb2 69. Kg4 Rg2+ 70. Kf3 Rxg6 71. Rxa2 Rf6+ 72. Ke4 1/2-1/2

[Event "20th Dubai Open 2018"]
[Site "Dubai UAE"]
[Date "2018.04.08"]
[Round "7.6"]
[White "Can, Emre"]
[Black "Anton Guijarro, David"]
[Result "1-0"]
[WhiteTitle "GM"]
[BlackTitle "GM"]
[WhiteElo "2590"]
[BlackElo "2653"]
[WhiteFideId "6302181"]
[BlackFideId "2285525"]
[EventDate "2018.04.02"]

1. d4 Nf6 2. c4 e6 3. g3 d5 4. Bg2 Bb4+ 5. Nd2 O-O 6. Nf3 dxc4 7. Qc2 a5 8. a3
Bxd2+ 9. Bxd2 b6 10. Qxc4 Ba6 11. Qc2 Nbd7 12. Bf4 c5 13. dxc5 Nxc5 14. Rd1 Nd5
15. Ng5 g6 16. Ne4 Rc8 17. Nxc5 Rxc5 18. Qe4 Rc4 19. Qe5 Rc2 20. Bf3 Re8 21. h4
f6 22. Qd4 Qe7 23. Rc1 Rec8 24. O-O Qc5 25. Qe4 Kf7 26. b4 axb4 27. axb4 Qc3 28.
Ra1 f5 29. Qe5 Qxe5 30. Bxe5 Bxe2 31. Ra7+ Ne7 32. Bxe2 Rxe2 33. Bd6 Re8 34. Rc1
e5 35. Rcc7 Ke6 36. Bxe7 f4 37. Kg2 Kf5 38. Kf3 Rb2 39. g4+ Ke6 40. Rab7 Kd5 1-0

[Event "20th Dubai Open 2018"]
[Site "Dubai UAE"]
[Date "2018.04.08"]
[Round "7.7"]
[White "Vishnu Prasanna, V"]
[Black "Sethuraman, S.P."]
[Result "0-1"]
[WhiteTitle "GM"]
[BlackTitle "GM"]
[WhiteElo "2510"]
[BlackElo "2631"]
[WhiteFideId "5030692"]
[BlackFideId "5021596"]
[EventDate "2018.04.02"]

1. c4 f5 2. Nc3 Nf6 3. d4 d6 4. g3 g6 5. Bg2 Bg7 6. Nh3 c6 7. d5 e5 8. dxe6 Bxe6
9. b3 O-O 10. Rb1 Na6 11. O-O Qe7 12. Ng5 Bc8 13. Bb2 h6 14. Nf3 Be6 15. e3 Nc5
16. Qc2 a5 17. Rbd1 Bf7 18. Nd4 Nce4 19. Nde2 Nc5 20. Rd2 Rad8 21. a3 Qc7 22.
Rb1 Ng4 23. b4 axb4 24. axb4 Nd7 25. Na4 Nde5 26. h3 Nf6 27. Rd4 Qe7 28. Nb6 g5
29. Rdd1 Bg6 30. f4 Nf3+ 31. Kf2 Ne4+ 32. Kf1 g4 33. Na4 h5 34. Nac3 Bxc3 35.
Bxc3 h4 36. gxh4 Qxh4 37. Ng1 Nh2+ 38. Ke2 gxh3 39. Bxe4 fxe4 40. Nxh3 Qxh3 41.
Rg1 Qf3+ 0-1

[Event "20th Dubai Open 2018"]
[Site "Dubai UAE"]
[Date "2018.04.08"]
[Round "7.8"]
[White "Amin, Bassem"]
[Black "Harsha, Bharathakoti"]
[Result "1-0"]
[WhiteTitle "GM"]
[BlackTitle "IM"]
[WhiteElo "2700"]
[BlackElo "2424"]
[WhiteFideId "10601457"]
[BlackFideId "5078776"]
[EventDate "2018.04.02"]

1. Nf3 d5 2. g3 g6 3. Bg2 Bg7 4. d4 Nf6 5. O-O O-O 6. c4 c6 7. Nbd2 Bf5 8. b3
Nbd7 9. Bb2 a5 10. Nh4 Be6 11. e4 Nxe4 12. Nxe4 dxe4 13. Bxe4 Bh3 14. Re1 Nc5
15. Bg2 Bxg2 16. Kxg2 Ne6 17. Nf3 c5 18. Re4 b5 19. d5 Bxb2 20. Rb1 bxc4 21.
bxc4 Rb8 22. dxe6 f5 23. Re2 Qxd1 24. Rxd1 Rb4 25. Rd5 Rc8 26. Rc2 Kg7 27. Rd7
Bf6 28. Ra7 Rb6 29. Nd2 Rxe6 30. Nb3 Re1 31. Rxa5 Bd4 32. a4 e5 33. Rb5 e4 34.
a5 e3 35. fxe3 Rxe3 36. a6 Ra8 37. Ra2 Re6 38. Rb7+ Kf6 39. a7 Re7 40. Ra6+ Kf7
41. Na5 Rxb7 42. Nxb7 Be5 43. Kf3 g5 44. Nxc5 Bd4 45. Ne6 Rxa7 46. Nxg5+ Kg7 47.
Rxa7+ Bxa7 48. c5 Kf6 49. c6 Bb8 50. Nxh7+ Ke5 51. Nf8 Kd5 52. Ng6 Bd6 53. h4
Kxc6 54. h5 Kd5 1-0

[Event "20th Dubai Open 2018"]
[Site "Dubai UAE"]
[Date "2018.04.08"]
[Round "7.9"]
[White "Akopian, Vladimir"]
[Black "Christiansen, Johan-Sebastian"]
[Result "1-0"]
[WhiteTitle "GM"]
[BlackTitle "IM"]
[WhiteElo "2667"]
[BlackElo "2498"]
[WhiteFideId "13300032"]
[BlackFideId "1512668"]
[EventDate "2018.04.02"]

1. e4 e6 2. d4 d5 3. Nd2 Be7 4. Ngf3 Nf6 5. e5 Nfd7 6. Bd3 c5 7. O-O Nc6 8. Re1
g5 9. h3 h5 10. c4 g4 11. cxd5 Nb4 12. Ne4 Nxd3 13. Qxd3 gxf3 14. d6 Bf8 15. Bg5
Qa5 16. d5 c4 17. Qxf3 Bg7 18. Rad1 Rh7 19. Bf6 Bxf6 20. exf6 Nf8 21. d7+ Nxd7
22. Nd6+ Kd8 23. dxe6 fxe6 24. Rxe6 Qb4 25. f7 Kc7 26. Ne8+ 1-0

[Event "20th Dubai Open 2018"]
[Site "Dubai UAE"]
[Date "2018.04.08"]
[Round "7.11"]
[White "Venkatesh, M.R."]
[Black "Rakhmanov, Aleksandr"]
[Result "1-0"]
[WhiteTitle "GM"]
[BlackTitle "GM"]
[WhiteElo "2487"]
[BlackElo "2652"]
[WhiteFideId "5005779"]
[BlackFideId "4173708"]
[EventDate "2018.04.02"]

1. Nf3 d5 2. g3 g6 3. Bg2 Bg7 4. d4 c6 5. O-O Nf6 6. c4 O-O 7. Qb3 Qb6 8. Nc3
Bf5 9. Ne5 e6 10. c5 Qc7 11. h3 Nfd7 12. g4 Nxe5 13. dxe5 Bxe5 14. gxf5 exf5 15.
Rd1 Re8 16. Be3 Na6 17. Qa3 Qe7 18. Rac1 Nc7 19. Qa4 Ne6 20. Bxd5 f4 21. Bxe6
fxe3 22. Bb3 exf2+ 23. Kxf2 Qf6+ 24. Kg1 Bf4 25. Rf1 Qg5+ 26. Kh1 Bxc1 27. Rxf7
Kh8 28. Qd4+ Re5 29. Ne4 Qh5 30. Rf3 Re8 31. Nd6 Re7 32. Nf7+ Rxf7 33. Qd8+ Kg7
34. Rxf7+ Kh6 35. h4 Re8 36. Qxe8 Qxh4+ 37. Kg2 Qg4+ 38. Kf1 Qh3+ 39. Ke1 Qh1+
40. Rf1 Bd2+ 41. Kxd2 Qxf1 42. Qe3+ Kg7 43. Qe7+ Kh6 44. Qh4+ Kg7 45. Qd4+ Kh6
46. Bg8 g5 47. Qe4 Kh5 48. Qxh7+ Kg4 49. Be6+ Kg3 50. Qd3+ Kh2 51. Qf3 1-0

[Event "20th Dubai Open 2018"]
[Site "Dubai UAE"]
[Date "2018.04.08"]
[Round "7.12"]
[White "Santiago, Yago De Moura"]
[Black "Kovalev, Vladislav"]
[Result "0-1"]
[WhiteTitle "GM"]
[BlackTitle "GM"]
[WhiteElo "2476"]
[BlackElo "2648"]
[WhiteFideId "2103877"]
[BlackFideId "13504398"]
[EventDate "2018.04.02"]

1. d4 Nf6 2. c4 g6 3. Nc3 Bg7 4. e4 d6 5. Be2 O-O 6. Be3 Na6 7. g4 c5 8. d5 e6
9. g5 Nh5 10. Bxh5 gxh5 11. Nge2 Re8 12. Nf4 exd5 13. Nfxd5 Bg4 14. f3 Be6 15.
Qd2 Kh8 16. O-O Nb8 17. Kh1 Nc6 18. f4 Bxd5 19. cxd5 Nd4 20. f5 Be5 21. Qd1 Rg8
22. f6 Rg6 23. Rf2 b5 24. Qxh5 b4 25. Nd1 Qd7 26. Rc1 Qb5 27. Qh3 Rag8 28. Qf1
Qd7 29. Qg2 Bxf6 30. h4 Be5 31. Bxd4 Bxd4 32. Rf5 f6 33. Nf2 fxg5 34. hxg5 Be3
35. Rf1 Rxg5 36. Rxg5 Rxg5 37. Qf3 Bd4 38. Nh3 Rg8 39. b3 Qe7 40. Qf4 Qg7 41.
Qf3 Qh6 42. Qd3 Qh4 43. Qf3 a5 0-1

[Event "20th Dubai Open 2018"]
[Site "Dubai UAE"]
[Date "2018.04.08"]
[Round "7.13"]
[White "Chakravarthi Reddy, M"]
[Black "Mareco, Sandro"]
[Result "1/2-1/2"]
[WhiteTitle "IM"]
[BlackTitle "GM"]
[WhiteElo "2442"]
[BlackElo "2645"]
[WhiteFideId "25009532"]
[BlackFideId "112275"]
[EventDate "2018.04.02"]

1. d4 Nf6 2. c4 e6 3. Nf3 c5 4. d5 exd5 5. cxd5 d6 6. Nc3 g6 7. Nd2 Bg7 8. Nc4
O-O 9. Bf4 Ne8 10. Qd2 b6 11. e3 Ba6 12. a4 Nd7 13. Be2 Bxc4 14. Bxc4 a6 15. O-O
Ne5 16. Be2 Nc7 17. Rab1 Qe7 18. b4 c4 19. b5 axb5 20. axb5 Rfc8 21. Rfc1 Ne8
22. Na2 Nf6 23. Nb4 c3 24. Qc2 Rc5 25. Nc6 Qe8 26. Bxe5 dxe5 27. e4 Bh6 28. Rd1
Ra3 29. Bd3 Qa8 30. Qe2 Ra2 31. Bc2 Bd2 32. Qd3 Nd7 1/2-1/2

[Event "20th Dubai Open 2018"]
[Site "Dubai UAE"]
[Date "2018.04.08"]
[Round "7.14"]
[White "Haria, Ravi"]
[Black "Efimenko, Zahar"]
[Result "1/2-1/2"]
[WhiteTitle "IM"]
[BlackTitle "GM"]
[WhiteElo "2441"]
[BlackElo "2634"]
[WhiteFideId "415820"]
[BlackFideId "14107201"]
[EventDate "2018.04.02"]

1. Nf3 Nf6 2. g3 b5 3. Bg2 Bb7 4. O-O e6 5. d3 c5 6. Nbd2 Be7 7. c4 a6 8. a4 b4
9. Nb3 O-O 10. e4 d6 11. Bf4 Nfd7 12. Qd2 Nc6 13. Be3 a5 14. d4 e5 15. d5 Nd4
16. Qd1 Nb6 17. Nbd2 Qc7 18. b3 Bc8 19. Ne1 f5 20. Nd3 Bf6 21. Rc1 Ra7 22. Bxd4
cxd4 23. exf5 Bxf5 24. Ne4 Qd8 25. f4 Re7 26. Nxf6+ gxf6 27. Nf2 Rg7 28. g4 Bc8
29. f5 Nd7 30. Ne4 Nc5 31. Nxc5 dxc5 32. Be4 Kf7 33. Kf2 Rfg8 34. Rg1 h5 35. h3
hxg4 36. hxg4 Rh8 37. Rh1 Rgh7 38. Qe2 Rh2+ 39. Bg2 Qf8 40. Rxh2 Rxh2 41. Rh1
Rxh1 42. Bxh1 Qh6 43. Bf3 Qh2+ 44. Kf1 Qxe2+ 45. Kxe2 Ke7 46. Kd3 Bd7 47. Be4
Be8 1/2-1/2

[Event "20th Dubai Open 2018"]
[Site "Dubai UAE"]
[Date "2018.04.08"]
[Round "7.15"]
[White "Yilmaz, Mustafa"]
[Black "Tahbaz, Arash"]
[Result "1/2-1/2"]
[WhiteTitle "GM"]
[BlackTitle "IM"]
[WhiteElo "2626"]
[BlackElo "2434"]
[WhiteFideId "6302718"]
[BlackFideId "12528846"]
[EventDate "2018.04.02"]

1. d4 Nf6 2. c4 e6 3. Nf3 b6 4. g3 Ba6 5. b3 d5 6. Bg2 Bb4+ 7. Bd2 Be7 8. cxd5
exd5 9. Nc3 O-O 10. O-O c6 11. Ne5 Nfd7 12. Nf3 Nf6 13. Qc2 Nbd7 14. Rad1 Re8
15. Rfe1 Bb4 16. a3 Bd6 17. Bc1 Bb7 18. b4 h6 19. Bb2 c5 20. dxc5 bxc5 21. Nh4
cxb4 22. Nxd5 Bxd5 23. Bxd5 Nxd5 24. Rxd5 Nb6 25. Rd3 Qc7 26. Qxc7 Bxc7 27. axb4
Be5 28. Bd4 Bxd4 29. Rxd4 Re5 30. Nf3 Rb5 31. Ra1 a5 32. bxa5 Rbxa5 33. Rxa5
Rxa5 34. Rd8+ Kh7 35. Rf8 Ra7 36. Kg2 Re7 37. Nd4 h5 38. Rb8 Nd5 39. e3 g6 40.
Rb5 Nf6 41. h3 Kg7 42. Kf3 Nh7 43. Ra5 Nf6 44. g4 hxg4+ 45. hxg4 Nh7 46. Ne2 Nf8
47. Ng3 Nd7 48. Kf4 Nf8 49. g5 Ne6+ 50. Kg4 Nd8 51. Ra3 Nb7 52. Ra7 Kf8 53. f4
Nd6 54. Ra8+ Re8 55. Ra6 Ne4 56. Nf1 Rd8 57. Ra4 Rd1 58. Nh2 Nc5 59. Ra8+ Ke7
60. Kf3 Rd8 61. Ra2 Rb8 62. Ng4 Rb7 63. Ne5 Rc7 64. Ra8 Nd7 65. Ng4 Rb7 66. Nh6
f6 67. Ra5 fxg5 68. Rxg5 Rb6 69. Ng4 Kf7 70. Rd5 Ke7 71. Ra5 Rb7 72. Ra6 Kf7 73.
Rd6 Kg7 74. Kg3 Ra7 75. Kh4 Nf8 76. Kg3 Nd7 77. Kf3 Rc7 78. Re6 Kf7 79. Ra6 Rb7
80. Nf2 Nf8 81. Ne4 Re7 82. Nd6+ Kg7 83. Nc4 Nh7 84. Ne5 g5 85. Nc6 Rf7 86. Ne5
Re7 87. Rg6+ Kf8 88. Rd6 Kg7 89. Nc6 Rf7 90. Ne5 Re7 91. Rg6+ Kf8 92. Rb6 Kg7
93. Kg4 gxf4 94. exf4 Nf6+ 95. Kg5 Nd5 96. Rg6+ Kf8 97. Rd6 Nxf4 98. Kxf4 Ra7
99. Rd8+ Kg7 100. Kf5 Ra1 101. Rd7+ Kg8 102. Ng4 Rf1+ 103. Ke6 Re1+ 104. Ne5 Re2
105. Rd1 Ra2 106. Rg1+ Kh7 107. Kf6 Rf2+ 108. Ke6 Ra2 109. Rg3 Ra1 110. Kf7 Ra7+
111. Kf6 Ra6+ 112. Kf5 Ra5 113. Rb3 Kg7 114. Rb7+ Kg8 115. Rc7 Ra1 116. Ng4 Rf1+
117. Kg6 Kf8 118. Ne3 Ra1 119. Nd5 Rg1+ 120. Kf5 Rf1+ 121. Nf4 Kg8 122. Ke5 Kf8
123. Ne6+ Kg8 124. Rc8+ Kh7 125. Ng5+ Kg7 126. Ne6+ Kh7 127. Rc4 Re1+ 128. Kf6
Rf1+ 129. Nf4 Kg8 130. Rc8+ Kh7 131. Rc7+ Kh6 132. Kf5 Ra1 133. Rc2 Kg7 134.
Ne6+ Kf7 135. Rc7+ Ke8 136. Ke5 Re1+ 137. Kf6 Rf1+ 138. Ke5 Re1+ 139. Kd6 Rd1+
140. Ke5 1/2-1/2

[Event "20th Dubai Open 2018"]
[Site "Dubai UAE"]
[Date "2018.04.08"]
[Round "7.16"]
[White "Sindarov, Javokhir"]
[Black "Oleksiyenko, Mykhaylo"]
[Result "1/2-1/2"]
[WhiteTitle "IM"]
[BlackTitle "GM"]
[WhiteElo "2431"]
[BlackElo "2621"]
[WhiteFideId "14205483"]
[BlackFideId "4152417"]
[EventDate "2018.04.02"]

1. e4 e6 2. d4 d5 3. exd5 exd5 4. Nf3 Nf6 5. Bd3 Bd6 6. Qe2+ Qe7 7. Qxe7+ Kxe7
8. O-O Re8 9. Bg5 h6 10. Re1+ Be6 11. Bh4 g5 12. Bg3 Bxg3 13. hxg3 Nc6 14. c3
Kd6 15. Nbd2 Bg4 16. Nb3 Rxe1+ 17. Rxe1 Re8 18. Rxe8 Nxe8 19. Bb5 f6 20. Nh2 Bc8
21. Nf1 Ng7 22. Ne3 Ne7 23. Bd3 b6 24. Nd2 h5 25. f3 Ngf5 26. Kf2 Nxe3 27. Kxe3
Bf5 28. Be2 Bc2 29. Bd3 Bxd3 30. Kxd3 c5 31. Nf1 c4+ 32. Kd2 b5 33. Ne3 f5 34.
b3 cxb3 35. axb3 a5 36. f4 gxf4 37. gxf4 Ke6 38. g3 a4 39. bxa4 bxa4 40. Kc2 Ng8
41. c4 dxc4 42. d5+ Kd6 43. Nxf5+ Kxd5 44. g4 hxg4 45. Ne3+ Kd4 46. Nxg4 Ne7 47.
Ne5 Nd5 48. Nf3+ Kc5 49. f5 a3 50. Kb1 Kb4 51. Nd4 Ka4 52. Ka2 Nb4+ 53. Ka1 Nd5
54. Ka2 Nc3+ 55. Ka1 Ne4 56. Ka2 1/2-1/2

[Event "20th Dubai Open 2018"]
[Site "Dubai UAE"]
[Date "2018.04.08"]
[Round "7.17"]
[White "Tabatabaei, M.amin"]
[Black "Muthaiah, AL"]
[Result "1-0"]
[WhiteTitle "IM"]
[WhiteElo "2605"]
[BlackElo "2372"]
[WhiteFideId "12521213"]
[BlackFideId "5092442"]
[EventDate "2018.04.02"]

1. e4 c5 2. Nf3 e6 3. d4 cxd4 4. Nxd4 a6 5. Bd3 Bc5 6. Nb3 Be7 7. Qg4 g6 8. Nc3
d6 9. Qe2 Nd7 10. O-O Ne5 11. h3 b5 12. Be3 Bb7 13. f4 Nxd3 14. cxd3 Nf6 15. a3
O-O 16. Qf2 Rc8 17. f5 exf5 18. exf5 Nh5 19. Bb6 Qd7 20. Rae1 Rce8 21. Ne4 Qxf5
22. Qxf5 gxf5 23. Rxf5 Ng7 24. Rff1 f5 25. Nc3 Nh5 26. Re6 Bc8 27. Ree1 Ng3 28.
Rf3 f4 29. Ne4 Bb7 30. Nbd2 h5 31. Kh2 h4 32. Rc1 Rc8 33. Rxc8 Bxc8 34. Rf2 Bb7
35. Bd4 Kh7 36. Nc3 Kg6 37. Ne2 Bg5 38. Bc3 Bd5 39. Nd4 1-0

[Event "20th Dubai Open 2018"]
[Site "Dubai UAE"]
[Date "2018.04.08"]
[Round "7.18"]
[White "Krysa, Leandro"]
[Black "Sharma, Dinesh K."]
[Result "1-0"]
[WhiteTitle "GM"]
[BlackTitle "IM"]
[WhiteElo "2543"]
[BlackElo "2261"]
[WhiteFideId "116807"]
[BlackFideId "5004110"]
[EventDate "2018.04.02"]

1. Nf3 d5 2. g3 c6 3. Bg2 Bg4 4. O-O Nd7 5. h3 Bh5 6. d4 e6 7. c4 Ngf6 8. cxd5
exd5 9. Qb3 Qb6 10. Qe3+ Be7 11. Nh4 Bg6 12. Nc3 Kf8 13. Nxg6+ hxg6 14. Qd3 Re8
15. Rb1 a5 16. a3 Qb3 17. h4 Bd6 18. Bg5 Nb6 19. Rfd1 Nh7 20. e4 Nxg5 21. hxg5
dxe4 22. Nxe4 Qxd3 23. Rxd3 Nc8 24. b4 axb4 25. axb4 Be7 26. d5 cxd5 27. Rxd5
Rd8 28. Rxd8+ Bxd8 29. Rc1 Nb6 30. b5 Nd7 31. Nd6 Rh5 32. f4 f6 33. Bf3 Rh8 34.
Nxb7 Bb6+ 35. Kg2 1-0